Principes modernes d'organisation industrielle et commerciale

Gespeichert in:
Bibliographische Detailangaben
1. Verfasser: Pethoud, J.
Format: Buch
Sprache:Englisch
Veröffentlicht: Neuchatel Delachaux et Niestle 1931
Schriftenreihe:Bibliothéque professionelle et sociale
Tags: Tag hinzufügen
Keine Tags, Fügen Sie das erste Tag hinzu!

MARC

LEADER 00000nam a2200000 4500
001 c126553
005 20190205132819.7
041 0 |a eng 
044 |a CH 
245 1 0 |a Principes modernes d'organisation industrielle et commerciale  |c J. Pethoud 
264 1 |a Neuchatel  |b Delachaux et Niestle  |c 1931 
300 |a 312 s. 
490 1 |a Bibliothéque professionelle et sociale 
830 0 |a Bibliothéque professionelle et sociale 
100 1 |a Pethoud, J.